Christianity in India through the centuries / (Record no. 992)
[ view plain ]
| 000 -LEADER | |
|---|---|
| fixed length control field | 00558nam a2200205Ia 4500 |
| 003 - CONTROL NUMBER IDENTIFIER | |
| control field | GBCCL |
| 005 - DATE AND TIME OF LATEST TRANSACTION | |
| control field | 20241126110351.0 |
| 008 - FIXED-LENGTH DATA ELEMENTS--GENERAL INFORMATION | |
| fixed length control field | 170331b xxu||||| |||| 00| 0 eng d |
| 020 ## - INTERNATIONAL STANDARD BOOK NUMBER | |
| International Standard Book Number | 9788173627866 |
| 040 ## - CATALOGING SOURCE | |
| Transcribing agency | gbc |
| 082 ## - DEWEY DECIMAL CLASSIFICATION NUMBER | |
| Classification number | 275.4 |
| Item number | GEO |
| 100 ## - MAIN ENTRY--PERSONAL NAME | |
| Personal name | George, K.M. |
| 9 (RLIN) | 1651 |
| 245 ## - TITLE STATEMENT | |
| Title | Christianity in India through the centuries / |
| Remainder of title | K.M. George. |
| 260 ## - PUBLICATION, DISTRIBUTION, ETC. | |
| Name of publisher, distributor, etc. | Authentic, |
| Place of publication, distribution, etc. | Secunderabad : |
| Date of publication, distribution, etc. | 2010. |
| 260 ## - PUBLICATION, DISTRIBUTION, ETC. | |
| Date of publication, distribution, etc. | 2010 |
| 300 ## - PHYSICAL DESCRIPTION | |
| Extent | 381p. ; |
| Other physical details | 23cm. |
| 650 ## - SUBJECT ADDED ENTRY--TOPICAL TERM | |
| Topical term or geographic name entry element | Christianity |
| Form subdivision | India |
| 9 (RLIN) | 1652 |
| 650 ## - SUBJECT ADDED ENTRY--TOPICAL TERM | |
| Topical term or geographic name entry element | Chruch History |
| 9 (RLIN) | 1653 |
| 942 ## - ADDED ENTRY ELEMENTS (KOHA) | |
| Edition | REPRINT |
| Source of classification or shelving scheme | Dewey Decimal Classification |
| Koha item type | Books |
| Koha issues (borrowed), all copies | 13 |
| Withdrawn status | Lost status | Source of classification or shelving scheme | Damaged status | Not for loan | Home library | Current Library | Shelving location | Date acquired | Total checkouts | Total renewals | Full call number | Barcode | Date last seen | Date last checked out | Copy number | Price effective from | Koha item type |
|---|---|---|---|---|---|---|---|---|---|---|---|---|---|---|---|---|---|
| Dewey Decimal Classification | GRACE BIBLE COLLEGE | GRACE BIBLE COLLEGE | Church History | 2017-03-31 | 7 | 4 | 275.4 GEO | 010560 | 2026-01-19 | 2026-01-14 | c.1 | 2017-03-31 | Books | ||||
| Dewey Decimal Classification | GRACE BIBLE COLLEGE | GRACE BIBLE COLLEGE | Church History | 2017-03-31 | 8 | 275.4 GEO | 010561 | 2025-05-01 | 2021-03-19 | c.2 | 2017-03-31 | Books |